LDR 00728naa#a2200193#i#450# 001 EN\\bibl\120455 005 20260419092611.7 011 ## _a2782-4586 100 ## _a20260331b2026####ek#y0engy0150####ca 102 ## _aRU 200 1# _aShadow economic activity of multinational corporations: operational models and mechanisms of resilience (using the example of Grupo SURA) _eJournal article 210 1# _aMoscow _cITBO University _d2026 215 ## _a14 с. 608 ## _aJournal article _2local 675 ## _aЭкономические науки в целом. Политическая экономия. 330 _z 700 #1 _aNaumova _gOl'ga Aleksandrovna 700 #1 _aAnanyev _gLev Borisovich 700 #1 _aKorolev _gAndrey Andreevich 856 4# _azhpi.ru _u